000 00718nam a2200289Ia 4500
005 20260324124839.0
008 008 260324s9999 xx 000 0 eng d
020 _a9780203883952
037 _aEBOOK
040 _aCRL
040 _beng
040 _cCRL
041 _2eng
041 _aeng
084 _qCRL
100 _aDewey M. Clayton
_91175722
245 4 _aThe Presidential Campaign of Barack Obama
245 2 _bA Critical Analysis of a Racially Transcendent Strategy
260 _bTaylor and Francis
260 _c2010
365 _a
365 _b290
856 _uhttp://www.taylorfrancis.com/books/9780203883952
942 _cEBOOK
999 _c1770477
_d1770477